Ilúzia a skutočnosť (Record no. 20897)
[ view plain ]
| 000 -LEADER | |
|---|---|
| fixed length control field | 02465cam a2200601 a 4500 |
| 001 - CONTROL NUMBER | |
| control field | 20897 |
| 003 - CONTROL NUMBER IDENTIFIER | |
| control field | VRT |
| 005 - DATE AND TIME OF LATEST TRANSACTION | |
| control field | 20260206144846.0 |
| 008 - FIXED-LENGTH DATA ELEMENTS--GENERAL INFORMATION | |
| fixed length control field | 230501s1972 xo gr 000 m slo |
| 015 ## - NATIONAL BIBLIOGRAPHY NUMBER | |
| National bibliography number | SNBA1973/01-00173 |
| 020 ## - INTERNATIONAL STANDARD BOOK NUMBER | |
| Qualifying information | (viaz.) |
| 035 ## - SYSTEM CONTROL NUMBER | |
| System control number | SK01SNK19730019174 |
| 035 ## - SYSTEM CONTROL NUMBER | |
| System control number | E32F7ECA-90B4-45BD-A0E6-F0D356B95983 |
| 035 ## - SYSTEM CONTROL NUMBER | |
| System control number | urn:nbn:sk:snk-am00ijvx |
| 035 ## - SYSTEM CONTROL NUMBER | |
| System control number | SKM000021637 |
| 039 #9 - LEVEL OF BIBLIOGRAPHIC CONTROL AND CODING DETAIL [OBSOLETE] | |
| Level of rules in bibliographic description | 202305011845 |
| Level of effort used to assign nonsubject heading access points | VLOAD |
| Level of effort used to assign subject headings | 202304281446 |
| Level of effort used to assign classification | VLOAD |
| Level of effort used to assign subject headings | 202304281110 |
| Level of effort used to assign classification | VLOAD |
| Level of effort used to assign subject headings | 202304191246 |
| Level of effort used to assign classification | msnk123 |
| 040 ## - CATALOGING SOURCE | |
| Original cataloging agency | SNK |
| Language of cataloging | slo |
| Transcribing agency | SNK |
| Description conventions | AACR2 |
| 041 1# - LANGUAGE CODE | |
| Language code of text/sound track or separate title | slo |
| Language code of original | ita |
| 044 ## - COUNTRY OF PUBLISHING/PRODUCING ENTITY CODE | |
| MARC country code | xo |
| ISO country code | SK |
| 072 #7 - SUBJECT CATEGORY CODE | |
| Subject category code | 821.131.1-3 |
| Subject category code subdivision | Talianska próza |
| Source | konspekt |
| 072 #7 - SUBJECT CATEGORY CODE | |
| Subject category code | 821.131.1-2 |
| Subject category code subdivision | Talianska dráma |
| Source | konspekt |
| 080 ## - UNIVERSAL DECIMAL CLASSIFICATION NUMBER | |
| Universal Decimal Classification number | 821.131.1-31 |
| Edition identifier | 2011 |
| 080 ## - UNIVERSAL DECIMAL CLASSIFICATION NUMBER | |
| Universal Decimal Classification number | 821.131.1-2 |
| Edition identifier | 2011 |
| 080 ## - UNIVERSAL DECIMAL CLASSIFICATION NUMBER | |
| Universal Decimal Classification number | (0:82-31) |
| Edition identifier | 2011 |
| 080 ## - UNIVERSAL DECIMAL CLASSIFICATION NUMBER | |
| Universal Decimal Classification number | (0:82-2) |
| Edition identifier | 2011 |
| 100 1# - MAIN ENTRY--PERSONAL NAME | |
| Personal name | Pirandello, Luigi, |
| Dates associated with a name | 1867-1936 |
| Relationship | aut |
| 245 10 - TITLE STATEMENT | |
| Title | Ilúzia a skutočnosť |
| Statement of responsibility, etc. | Luigi Pirandello ; z talianskych originálov Tutti i romanzi, vol. 3 ..., Novelle per un anno, vol. 1, 2 ..., Maschere nude, vol. 5 ... preložili Blahoslav Hečko, Mikuláš Pažítka |
| 250 ## - EDITION STATEMENT | |
| Edition statement | 1. vyd. |
| 260 ## - PUBLICATION, DISTRIBUTION, ETC. | |
| Place of publication, distribution, etc. | Bratislava |
| Name of publisher, distributor, etc. | Slovenský spisovateľ |
| Date of publication, distribution, etc. | 1972 |
| Place of manufacture | Košice |
| Manufacturer | Východoslovenské tlačiarne |
| 300 ## - PHYSICAL DESCRIPTION | |
| Extent | 635, [4] s. |
| Dimensions | 21 cm |
| 366 ## - TRADE AVAILABILITY INFORMATION | |
| Note | 10000 výtl. |
| 490 1# - SERIES STATEMENT | |
| Series statement | Knižnica Nobelových cien |
| 500 ## - GENERAL NOTE | |
| General note | Frontispice. Životopisné dáta |
| 655 #7 - INDEX TERM--GENRE/FORM | |
| Genre/form data or focus term | talianske romány |
| Source of term | SNKPH |
| 655 #7 - INDEX TERM--GENRE/FORM | |
| Genre/form data or focus term | talianske novely |
| Source of term | SNKPH |
| 655 #7 - INDEX TERM--GENRE/FORM | |
| Genre/form data or focus term | talianske drámy |
| Source of term | SNKPH |
| 700 1# - ADDED ENTRY--PERSONAL NAME | |
| Personal name | Hečko, Blahoslav, |
| Dates associated with a name | 1915-2002 |
| Relationship | trl |
| 700 1# - ADDED ENTRY--PERSONAL NAME | |
| Personal name | Pažitka, Mikuláš, |
| Dates associated with a name | 1918-2004 |
| Relationship | trl |
| -- | aui |
| -- | com |
| 700 12 - ADDED ENTRY--PERSONAL NAME | |
| Personal name | Pirandello, Luigi, |
| Dates associated with a name | 1867-1936 |
| Title of a work | Tutti i romanzi |
| Language of a work | Slovensky |
| 700 12 - ADDED ENTRY--PERSONAL NAME | |
| Personal name | Pirandello, Luigi, |
| Dates associated with a name | 1867-1936 |
| Title of a work | Novelle per un anno |
| Language of a work | Slovensky |
| 700 12 - ADDED ENTRY--PERSONAL NAME | |
| Personal name | Pirandello, Luigi, |
| Dates associated with a name | 1867-1936 |
| Title of a work | Maschere nude |
| Language of a work | Slovensky |
| 830 #0 - SERIES ADDED ENTRY--UNIFORM TITLE | |
| Uniform title | Knižnica Nobelových cien |
| 910 ## - USER-OPTION DATA (OCLC) | |
| User-option data | snk |
| 942 ## - ADDED ENTRY ELEMENTS (KOHA) | |
| Source of classification or shelving scheme | Dewey Decimal Classification |
| Koha item type | Krásna literatúra pre dospelých |
| Suppress in OPAC | No |
| 949 ## - LOCAL PROCESSING INFORMATION (OCLC) | |
| 6 | 369701000007384 |
| a | aubbO 4643 |
| b | aubbO4643 |
| p | Darca: Stračina, Svetozár |
| 949 ## - LOCAL PROCESSING INFORMATION (OCLC) | |
| 6 | 2889042083 |
| a | savukM 47077 |
| o | Fotokópia v hrebeňovej väzbe |
| 949 ## - LOCAL PROCESSING INFORMATION (OCLC) | |
| 6 | 17A0887293 |
| a | snkSC 30576 D1 |
| b | snkKSP 1162/73 |
| 949 ## - LOCAL PROCESSING INFORMATION (OCLC) | |
| 6 | 17A0219192 |
| a | snkSC 30576 |
| b | snkK 1107/99 |
| o | Náhrada za stratený simplikát |
| s | 6100:20220407 |
| 949 ## - LOCAL PROCESSING INFORMATION (OCLC) | |
| 6 | 273K0039666 |
| a | svkpoA 88430 |
| b | svkpo201430 |
| 949 ## - LOCAL PROCESSING INFORMATION (OCLC) | |
| 6 | 270001000412871 |
| a | svkbbS 88111 |
| b | svkbbm 263069 |
| 949 ## - LOCAL PROCESSING INFORMATION (OCLC) | |
| 6 | 270001000551873 |
| a | svkbbS 35991 |
| b | svkbbm 264206 |
| Stav vyradenia | Strata | Poškodenie | Spôsob nadobudnutia | Domovská knižnica | Aktuálna knižnica | Dátum nadobudnutia | Total checkouts | Čiarový kód exemplára | Date last seen | Typ exemplára |
|---|---|---|---|---|---|---|---|---|---|---|
| Dar | Obecná knižnica Horná Štubňa | Obecná knižnica Horná Štubňa | 06.02.2026 | 4736201051 | 06.02.2026 | Krásna literatúra pre dospelých |
